[Event "72nd RUS-ch Higher League 2019"]
[Site "Yaroslavl"]
[Date "2019.07.01"]
[Round "5.1"]
[White "Predke, Alexandr"]
[Black "Paravyan, David"]
[Result "1-0"]
[WhiteElo "2632"]
[BlackElo "2605"]
[Annotator "ChessBase"]
[PlyCount "105"]
[EventDate "2019.06.27"]
[EventType "swiss"]
[EventCountry "RUS"]
[SourceTitle "playchess.com"]
[Source "ChessBase"]
[SourceQuality "1"]
[TimeControl "40/5400+30:1800+30"]

1. d4 {[%emt 0:01:15]} Nf6 {[%emt 0:00:00]} 2. c4 {[%emt 0:00:08]} e6 {[%emt 0:00:00]} 3. Nf3 {[%emt 0:00:09]} d5 {[%emt 0:00:00]} 4. Qc2 {[%emt 0:00:19]} Bb4+ {[%emt 0:07:54]} 5. Bd2 {[%emt 0:00:43]} a5 {[%emt 0:00:05]} 6. a3 {[%emt 0:02:14]} Bxd2+ {[%emt 0:23:12]} 7. Nbxd2 {[%emt 0:00:11]} O-O {[%emt 0:00:03]} 8. e4 {[%emt 0:04:11]} dxe4 {[%emt 0:18:07]} 9. Nxe4 {[%emt 0:00:09]} Nxe4 {[%emt 0:00:01]} 10. Qxe4 {[%emt 0:00:07]} c5 {[%emt 0:00:12]} 11. O-O-O {[%emt 0:03:18]} cxd4 {[%emt 0:00:04]} 12. Nxd4 {[%emt 0:07:35]} Qf6 {[%emt 0:07:34]} 13. Bd3 {[%emt 0:07:49]} g6 {[%emt 0:00:03]} 14. Rhe1 {[%emt 0:11:38]} Bd7 {[%emt 0:01:32]} 15. Bc2 {[%emt 0:14:40]} Na6 {[%emt 0:06:43]} 16. Qe5 {[%emt 0:10:06]} Qxe5 {[%emt 0:02:23]} 17. Rxe5 {[%emt 0:00:09]} Rfc8 {[%emt 0:08:52]} 18. Rxa5 {[%emt 0:10:24]} Rxc4 {[%emt 0:01:26]} 19. b3 {[%emt 0:00:22]} Rcc8 {[%emt 0:06:26]} 20. Kb2 {[%emt 0:04:12]} b6 {[%emt 0:00:16]} 21. Re5 {[%emt 0:00:32]} Nc5 {[%emt 0:00:30]} 22. f4 {[%emt 0:01:57]} Rd8 {[%emt 0:02:25]} 23. Re2 {[%emt 0:05:54]} h5 {[%emt 0:03:18]} 24. Red2 {[%emt 0:00:31]} Be8 {[%emt 0:00:28]} 25. Ne2 {[%emt 0:01:20]} Rdc8 {[%emt 0:00:59]} 26. Nc3 {[%emt 0:00:31]} Kf8 {[%emt 0:07:20]} 27. Ne4 {[%emt 0:06:00]} Nxe4 {[%emt 0:00:48]} 28. Bxe4 {[%emt 0:00:04]} Rab8 {[%emt 0:00:52]} 29. a4 {[%emt 0:01:13]} Ke7 {[%emt 0:00:05]} 30. Rd4 {[%emt 0:01:10]} Rd8 {[%emt 0:02:21]} 31. Rxd8 {[%emt 0:03:19]} Rxd8 {[%emt 0:00:03]} 32. Rxd8 {[%emt 0:00:02]} Kxd8 {[%emt 0:00:03]} 33. h4 {[%emt 0:00:05]} Kc7 {[%emt 0:00:05]} 34. Kc3 {[%emt 0:00:09]} Kd6 {[%emt 0:00:55]} 35. Kd4 {[%emt 0:00:29]} f6 {[%emt 0:01:04]} 36. g3 {[%emt 0:01:15]} e5+ {[%emt 0:00:03]} 37. fxe5+ {[%emt 0:00:04]} fxe5+ {[%emt 0:00:02]} 38. Kc4 {[%emt 0:03:49]} Bf7+ {[%emt 0:00:39]} 39. Kc3 {[%emt 0:00:25]} Be8 {[%emt 0:00:47]} 40. Kc4 {[%emt 0:00:00]} Bf7+ {[%emt 0:00:00]} 41. Kb4 {[%emt 0:06:59]} Be8 {[%emt 0:05:08]} 42. Kc3 {[%emt 0:00:18]} Ke6 {[%emt 0:09:58]} 43. Bc2 {[%emt 0:01:01]} Kf6 {[%emt 0:15:01]} 44. b4 {[%emt 0:00:49]} g5 {[%emt 0:00:03]} 45. a5 {[%emt 0:00:51]} bxa5 {[%emt 0:00:03]} 46. bxa5 {[%emt 0:00:03]} Bb5 {[%emt 0:02:06]} 47. Bd3 {[%emt 0:00:33]} Bc6 {[%emt 0:00:04]} 48. a6 {[%emt 0:00:41]} e4 {[%emt 0:01:38]} 49. Be2 {[%emt 0:00:13]} gxh4 {[%emt 0:00:10]} 50. gxh4 {[%emt 0:00:04]} Ke5 {[%emt 0:00:37]} 51. Bxh5 {[%emt 0:00:18]} Kf4 {[%emt 0:01:03]} 52. Bd1 {[%emt 0:00:16]} e3 {[%emt 0:00:21]} 53. h5 {[%emt 0:00:48]} 1-0

[Event "72nd RUS-ch Higher League 2019"]
[Site "Yaroslavl"]
[Date "2019.07.01"]
[Round "5.2"]
[White "Esipenko, Andrey"]
[Black "Chigaev, Maksim"]
[Result "1/2-1/2"]
[WhiteElo "2611"]
[BlackElo "2640"]
[Annotator "ChessBase"]
[PlyCount "59"]
[EventDate "2019.06.27"]
[EventType "swiss"]
[EventCountry "RUS"]
[SourceTitle "playchess.com"]
[Source "ChessBase"]
[SourceQuality "1"]
[TimeControl "40/5400+30:1800+30"]

1. e4 {[%emt 0:00:00]} e5 {[%emt 0:00:00]} 2. Nf3 {[%emt 0:00:00]} Nc6 {[%emt 0:00:00]} 3. Bc4 {[%emt 0:00:12]} Bc5 {[%emt 0:00:12]} 4. c3 {[%emt 0:00:12]} Nf6 {[%emt 0:00:05]} 5. d3 {[%emt 0:00:06]} d6 {[%emt 0:00:08]} 6. O-O {[%emt 0:00:23]} h6 {[%emt 0:01:00]} 7. Re1 {[%emt 0:00:40]} O-O {[%emt 0:00:29]} 8. h3 {[%emt 0:00:11]} a5 {[%emt 0:00:07]} 9. Nbd2 {[%emt 0:00:10]} a4 {[%emt 0:00:57]} 10. Bb5 {[%emt 0:00:22]} Bd7 {[%emt 0:16:54]} 11. Nf1 {[%emt 0:00:11]} Ne7 {[%emt 0:06:47]} 12. Bxd7 {[%emt 0:00:06]} Qxd7 {[%emt 0:00:09]} 13. Ng3 {[%emt 0:02:53]} Ng6 {[%emt 0:05:29]} 14. d4 {[%emt 0:00:48]} Bb6 {[%emt 0:03:19]} 15. Be3 {[%emt 0:05:08]} Rfe8 {[%emt 0:04:26]} 16. Qc2 {[%emt 0:12:47]} Qc6 {[%emt 0:04:05]} 17. Rad1 {[%emt 0:10:34]} exd4 {[%emt 0:08:47]} 18. Nxd4 {[%emt 0:04:42]} Qc4 {[%emt 0:06:00]} 19. b3 {[%emt 0:12:40]} axb3 {[%emt 0:00:07]} 20. axb3 {[%emt 0:00:04]} Qa6 {[%emt 0:00:07]} 21. c4 {[%emt 0:24:56]} Qa2 {[%emt 0:03:44]} 22. Qxa2 {[%emt 0:01:10]} Rxa2 {[%emt 0:00:09]} 23. Nb5 {[%emt 0:00:08]} Bxe3 {[%emt 0:00:17]} 24. Rxe3 {[%emt 0:00:07]} Rc8 {[%emt 0:01:05]} 25. Nf5 {[%emt 0:02:16]} Kf8 {[%emt 0:01:43]} 26. Nc3 {[%emt 0:01:01]} Ra3 {[%emt 0:07:25]} 27. Nb5 {[%emt 0:01:11]} Ra2 {[%emt 0:00:05]} 28. Nc3 {[%emt 0:00:40]} Ra3 {[%emt 0:00:05]} 29. Nb5 {[%emt 0:00:31]} Ra2 {[%emt 0:00:12]} 30. Nc3 {[%emt 0:00:11]} 1/2-1/2

[Event "72nd RUS-ch Higher League 2019"]
[Site "Yaroslavl"]
[Date "2019.07.01"]
[Round "5.3"]
[White "Iljiushenok, Ilia"]
[Black "Khismatullin, Denis"]
[Result "1/2-1/2"]
[WhiteElo "2549"]
[BlackElo "2618"]
[Annotator "ChessBase"]
[PlyCount "126"]
[EventDate "2019.06.27"]
[EventType "swiss"]
[EventCountry "RUS"]
[SourceTitle "playchess.com"]
[Source "ChessBase"]
[SourceQuality "1"]
[TimeControl "40/5400+30:1800+30"]

1. e4 {[%emt 0:00:00]} c5 {[%emt 0:01:12]} 2. Nf3 {[%emt 0:00:00]} d6 {[%emt 0:00:05]} 3. d4 {[%emt 0:00:00]} cxd4 {[%emt 0:00:05]} 4. Nxd4 {[%emt 0:00:00]} Nf6 {[%emt 0:00:05]} 5. Nc3 {[%emt 0:00:02]} a6 {[%emt 0:00:04]} 6. Bg5 {[%emt 0:00:11]} Nbd7 {[%emt 0:00:06]} 7. Bc4 {[%emt 0:00:07]} Qb6 {[%emt 0:00:06]} 8. Bb3 {[%emt 0:00:05]} e6 {[%emt 0:01:23]} 9. Qd2 {[%emt 0:00:05]} Nc5 {[%emt 0:03:58]} 10. Bxf6 {[%emt 0:02:10]} gxf6 {[%emt 0:00:06]} 11. O-O-O {[%emt 0:00:47]} Bd7 {[%emt 0:08:21]} 12. Kb1 {[%emt 0:13:49]} O-O-O {[%emt 0:03:24]} 13. f4 {[%emt 0:03:28]} Kb8 {[%emt 0:03:15]} 14. f5 {[%emt 0:05:14]} Rc8 {[%emt 0:08:46]} 15. Rhf1 {[%emt 0:02:23]} Qd8 {[%emt 0:03:17]} 16. Qe3 {[%emt 0:06:16]} h5 {[%emt 0:03:14]} 17. a3 {[%emt 0:07:29]} Nxb3 {[%emt 0:05:31]} 18. Nxb3 {[%emt 0:00:59]} Be7 {[%emt 0:01:27]} 19. Rd2 {[%emt 0:03:21]} h4 {[%emt 0:12:25]} 20. Qh3 {[%emt 0:09:17]} Rh5 {[%emt 0:14:41]} 21. Nd4 {[%emt 0:22:20]} Rc5 {[%emt 0:08:04]} 22. Rfd1 {[%emt 0:03:26]} Bc8 {[%emt 0:04:22]} 23. Rd3 {[%emt 0:02:46]} Qe8 {[%emt 0:10:46]} 24. g4 {[%emt 0:02:11]} Rh8 {[%emt 0:01:37]} 25. Qf3 {[%emt 0:00:35]} Bd7 {[%emt 0:01:01]} 26. h3 {[%emt 0:00:10]} Qd8 {[%emt 0:01:32]} 27. Nde2 {[%emt 0:00:22]} Qf8 {[%emt 0:01:55]} 28. Nf4 {[%emt 0:05:24]} Qh6 {[%emt 0:00:25]} 29. Nce2 {[%emt 0:03:05]} Rhc8 {[%emt 0:00:49]} 30. R3d2 {[%emt 0:01:29]} Ba4 {[%emt 0:01:58]} 31. Nc3 {[%emt 0:01:35]} Bd7 {[%emt 0:00:31]} 32. Nce2 {[%emt 0:01:51]} Ba4 {[%emt 0:00:06]} 33. Nc3 {[%emt 0:02:17]} Bd7 {[%emt 0:00:05]} 34. Nce2 {[%emt 0:00:50]} Qg5 {[%emt 0:01:12]} 35. Nd3 {[%emt 0:00:56]} Rc4 {[%emt 0:00:37]} 36. Ndf4 {[%emt 0:00:28]} R4c5 {[%emt 0:00:41]} 37. Nd3 {[%emt 0:00:02]} Rc4 {[%emt 0:00:19]} 38. Ndf4 {[%emt 0:00:11]} Bf8 {[%emt 0:00:51]} 39. Nc3 {[%emt 0:01:41]} R8c6 {[%emt 0:00:29]} 40. Nfe2 {[%emt 0:00:00]} Rc7 {[%emt 0:00:00]} 41. Rd4 {[%emt 0:05:17]} R4c5 {[%emt 0:04:49]} 42. R4d3 {[%emt 0:01:32]} Be7 {[%emt 0:10:47]} 43. Qf2 {[%emt 0:00:36]} Qh6 {[%emt 0:00:48]} 44. Nf4 {[%emt 0:02:25]} Rc4 {[%emt 0:04:10]} 45. Ng2 {[%emt 0:04:23]} Qf8 {[%emt 0:03:04]} 46. Nxh4 {[%emt 0:01:00]} Qh6 {[%emt 0:04:53]} 47. Ng2 {[%emt 0:00:27]} Rxc3 {[%emt 0:00:31]} 48. bxc3 {[%emt 0:03:58]} Bb5 {[%emt 0:00:19]} 49. Rf3 {[%emt 0:00:51]} Rc6 {[%emt 0:02:56]} 50. Nf4 {[%emt 0:01:21]} Bc4 {[%emt 0:00:35]} 51. Qe3 {[%emt 0:01:33]} Bd8 {[%emt 0:01:31]} 52. Nd5 {[%emt 0:02:21]} Qf8 {[%emt 0:00:59]} 53. fxe6 {[%emt 0:00:47]} fxe6 {[%emt 0:00:20]} 54. Nxf6 {[%emt 0:04:20]} Bxf6 {[%emt 0:00:48]} 55. g5 {[%emt 0:00:08]} d5 {[%emt 0:00:06]} 56. Kb2 {[%emt 0:00:13]} Bxc3+ {[%emt 0:01:54]} 57. Qxc3 {[%emt 0:00:03]} Qd6 {[%emt 0:00:33]} 58. Qh8+ {[%emt 0:02:24]} Rc8 {[%emt 0:00:24]} 59. Qg7 {[%emt 0:00:12]} Be2 {[%emt 0:00:33]} 60. Rb3 {[%emt 0:01:38]} Rc7 {[%emt 0:00:15]} 61. Qh8+ {[%emt 0:04:01]} Rc8 {[%emt 0:00:05]} 62. Qg7 {[%emt 0:00:08]} Rc7 {[%emt 0:00:08]} 63. Qh8+ {[%emt 0:00:06]} Rc8 {[%emt 0:00:06]} 1/2-1/2

[Event "72nd RUS-ch Higher League 2019"]
[Site "Yaroslavl"]
[Date "2019.07.01"]
[Round "5.4"]
[White "Sarana, Alexey"]
[Black "Fedoseev, Vladimir"]
[Result "1/2-1/2"]
[WhiteElo "2641"]
[BlackElo "2680"]
[Annotator "TA"]
[PlyCount "61"]
[EventDate "2019.06.27"]
[EventType "swiss"]
[EventCountry "RUS"]
[SourceTitle "playchess.com"]
[Source "ChessBase"]
[SourceQuality "1"]

{[%evp 25,61,0,31,0,0,0,0,0,0,0,0,0,0,0,8,0,5,0,0,0,0,0,0,0,7,0,0,0,0,0,0,0,0,0,0,0,0,0]} 1. d4 Nf6 2. c4 g6 3. Nc3 Bg7 4. e4 d6 5. Nf3 O-O 6. Be2 e5 7. dxe5 dxe5 8. Qxd8 Rxd8 9. Bg5 Re8 10. Nd5 Nxd5 11. cxd5 c6 12. Bc4 b5 13. Bb3 Bb7 14. dxc6 {E92: King's Indian: Classical: 6 Be2 e5: 7 dxe5, 7 Be3 and Petrosian System without 7...Nbd7} (14. Rc1 a5 15. a4 bxa4 16. Bxa4 Rc8 17. d6 f6 18. Be3 Bf8 19. Nd2 Bxd6 20. Nc4 Bb4+ 21. Ke2 Ba6 22. Kf3 Bxc4 23. Rxc4 {½-½ (49) Shabalov,A (2520)-Nyzhnyk,I (2628) Phoenix 2015}) 14... Nxc6 {The position is equal.} 15. Bd5 Na5 $146 ({Predecessor:} 15... h6) 16. O-O-O a6 17. Kb1 Bxd5 18. Rxd5 f6 19. Be3 Bf8 20. b3 Nb7 21. Rhd1 Rad8 22. Ne1 Rxd5 23. Rxd5 Kf7 24. Nd3 Ke6 25. Bc5 (25. Kb2 {feels hotter.} Be7 26. Bb6 Rc8 27. f3 Rc6 28. Bf2) 25... Bxc5 26. Nxc5+ Nxc5 27. Rxc5 $11 {KR-KR} Kd6 28. Rd5+ Ke6 29. Rc5 Kd6 30. Rd5+ Ke6 31. Rc5 {Accuracy: White = 50%, Black = 83%.} 1/2-1/2

[Event "72nd RUS-ch Higher League 2019"]
[Site "Yaroslavl"]
[Date "2019.07.01"]
[Round "5.5"]
[White "Timofeev, Artyom"]
[Black "Sjugirov, Sanan"]
[Result "0-1"]
[WhiteElo "2608"]
[BlackElo "2667"]
[Annotator "TA"]
[PlyCount "92"]
[EventDate "2019.06.27"]
[EventType "swiss"]
[EventCountry "RUS"]
[SourceTitle "playchess.com"]
[Source "ChessBase"]
[SourceQuality "1"]

{[%evp 20,92,14,0,27,9,20,15,23,-19,-19,-32,-33,-38,-27,-48,-33,-69,-70,-65,-64,-68,-71,-105,-47,-78,-46,-95,-77,-163,-167,-201,-194,-281,-185,-187,-150,-157,-70,-129,-115,-113,-126,-140,-128,-138,-136,-215,-135,-118,-123,-162,-162,-190,-164,-239,-208,-228,-187,-645,-57,-637,-627,-591,-519,-904,-835,-1359,-1317,-1241,-1204,-1310,-1275,-4718,-2897]} 1. d4 Nf6 2. c4 e6 3. Nc3 d5 4. cxd5 exd5 5. Bg5 Be7 6. e3 c6 7. Bd3 Nbd7 {[%cal Bb8d7,Bd7f8,Bf8e6][%mdl 32]} 8. Nge2 Nf8 9. Qc2 Ne6 10. Bh4 g6 11. O-O-O Bd7 {D36: Queen's Gambit Declined: Exchange Variation: Main line (5 Bg5 c6 6 Qc2)} (11... O-O 12. Kb1 Ng7 13. f3 Bf5 14. g4 Bxd3 15. Qxd3 Ne6 16. Bxf6 Bxf6 17. f4 Qe7 18. h4 Nc7 19. g5 Bg7 20. f5 gxf5 21. Ng3 {1-0 (30) Abdulla,A (2455)-Abu Sufian,S (2322) Dhaka 2017}) 12. h3 $146 ({Predecessor:} 12. Kb1 a5 13. f3 b5 14. h3 a4 15. Be1 Qb6 16. e4 Qa7 17. a3 O-O 18. Rf1 Rfb8 19. e5 {1-0 (32) Furman,S-Fridstein,G Riga 1954}) 12... Rc8 13. Kb1 O-O {The position is equal.} 14. Nf4 Nxf4 15. exf4 Nh5 16. Bxe7 Qxe7 17. g3 Ng7 18. Rhe1 Qf6 19. Qa4 {White wants to play Nxd5!} Bxh3 20. Qxa7 Bg4 $36 {[%mdl 2048] Black is really pushing.} 21. Rd2 Ne6 (21... h5 $17) 22. Re5 b5 23. Qb6 h5 24. f5 (24. Be2 $17) 24... gxf5 $19 ({Don't do} 24... Bxf5 25. Bxf5 gxf5 26. Rd1 $15) 25. f3 Bxf3 {Hoping for ...f4.} 26. Bxf5 (26. Rf2 $142 Bg4 27. Bxf5 Bxf5+ 28. Rexf5) 26... Bg4 27. Rf2 {aiming for Bh7+!} Kg7 28. a3 {[#]} Qd8 (28... b4 $1 $17 {[%mdl 512]} 29. axb4 (29. Qxb4 $2 c5 $19) 29... Bxf5+ 30. Rexf5 Qg6) 29. Qxd8 ({Better is} 29. Qa7 $15) 29... Rcxd8 $17 30. Bxg4 hxg4 31. Nd1 Rfe8 32. Ne3 Nxd4 33. Nxg4 (33. Nf5+ $17 Nxf5 34. Rexf5) 33... Rxe5 34. Nxe5 {[%mdl 4096] Endgame KRN-KRN} f6 35. Nd3 Re8 36. Nc5 Re3 37. Nd7 (37. Rd2 $142 Nf3 38. Rd3 Re1+ 39. Ka2) 37... f5 ({Much less strong is} 37... Rxg3 38. Nxf6 Kg6 39. Nd7) 38. Rf4 Re4 39. Nc5 $2 (39. Rf1) 39... Re1+ $19 40. Ka2 {[#]} Ne2 $1 {[%csl LRf4,LRg3][%mdl 64] Double Attack. Black is clearly winning.} 41. Nd3 Rd1 42. Nf2 (42. Rf2 $142 Rd2 43. Ka1) 42... Rf1 43. Rf3 Nc1+ 44. Kb1 Nd3+ 45. Ka2 Nxf2 46. Rxf5 d4 {Accuracy: White = 36%, Black = 54%.} 0-1

[Event "72nd RUS-ch Higher League 2019"]
[Site "Yaroslavl"]
[Date "2019.07.01"]
[Round "5.6"]
[White "Dreev, Aleksey"]
[Black "Pridorozhni, Aleksei"]
[Result "1/2-1/2"]
[WhiteElo "2657"]
[BlackElo "2588"]
[Annotator "TA"]
[PlyCount "126"]
[EventDate "2019.06.27"]
[EventType "swiss"]
[EventCountry "RUS"]
[SourceTitle "playchess.com"]
[Source "ChessBase"]
[SourceQuality "1"]

{[%evp 9,126,-2,-3,-2,0,-5,0,0,20,15,19,29,16,38,35,33,41,35,38,31,41,42,47,40,49,38,52,36,49,28,39,22,36,33,45,48,44,47,55,44,51,61,134,101,124,60,55,51,99,105,88,94,87,88,154,154,141,141,140,95,193,178,312,233,216,173,197,0,154,154,153,140,104,0,104,16,100,99,106,0,87,93,100,100,90,27,123,8,14,0,0,0,0,0,-8,-8,-8,-8,-8,-8,8,8,8,8,8,8,8,8,8,23,63,8,8,8,8,8,8,8,8]} 1. d4 d5 2. c4 dxc4 3. Nf3 a6 4. a4 e6 5. Bg5 $146 ({Predecessor:} 5. e4 Nf6 6. e5 Bb4+ 7. Bd2 Bxd2+ 8. Nbxd2 Nd5 9. Bxc4 Nc6 {½-½ (9) Dzagnidze,N (2551)-Skripchenko,A (2460) Antakya 2010}) 5... Be7 6. Bxe7 {D21: Queen's Gambit Accepted: 3 Nf3 sidelines} Qxe7 7. Nbd2 Nc6 8. e3 Na5 9. Nxc4 Nxc4 10. Bxc4 Qb4+ 11. Nd2 Nf6 12. Qb3 Qxb3 13. Bxb3 Bd7 14. Ke2 Ke7 15. Rhc1 Rhc8 16. e4 a5 17. Rc3 Ra6 18. f3 Rb6 19. Rac1 Ne8 20. Ke3 Rb4 21. Rc4 $36 {[%mdl 2048] White is more active.} Ra8 22. Rxb4 axb4 23. Bd1 f6 24. h4 b6 25. b3 e5 (25... Kd8 $14) 26. dxe5 $16 fxe5 {[#]} 27. Be2 (27. Nc4 $1 $16) 27... Be6 $14 28. Bc4 Ra7 29. g3 Nd6 30. Bxe6 Kxe6 $16 {[%mdl 4096] Endgame KRN-KRN} 31. f4 exf4+ (31... c5 $142) 32. gxf4 c5 33. h5 Re7 34. Nf3 Nb7 (34... Kd7 $16) 35. Rd1 h6 (35... Kf7 {might work better.} 36. Ne5+ Ke8) 36. f5+ Kf7 37. Kf4 Na5 38. Rd3 $2 ({Better is} 38. Rd6 $18) 38... Ke8 $2 ({Black should play} 38... c4 $11 39. Rd4 c3) 39. Ne5 Rb7 40. Rg3 Kf8 41. Rd3 Ke8 $1 {[#]} 42. Re3 ({White should try} 42. Nc4 $1 $16 {[%cal Rc4d6] Strongly threatening Nd6+.} Nxc4 43. bxc4) 42... Rc7 (42... b5 $1 $11 43. axb5 Rxb5) 43. Rg3 Rb7 44. Ng4 (44. Nc4 $16 Nxc4 45. bxc4) 44... Nc6 (44... c4 $11 {remains equal.} 45. bxc4 b3) 45. f6 Nd4 {Threatens to win with ...Ne2+.} 46. Ke5 Rd7 47. Ne3 (47. Rh3 $16) 47... Nc6+ (47... gxf6+ $11 48. Kxf6 Re7) 48. Kf5 (48. Kf4 $16 Rf7 49. e5 (49. Rxg7 Rxf6+ 50. Nf5 c4 $16)) 48... gxf6 $1 $11 49. Ng4 Rg7 50. Nxf6+ Kf7 51. Rxg7+ Kxg7 {KN-KN} 52. Nd5 Nd4+ 53. Ke5 Nxb3 {With the idea ...Na5.} 54. Nxb6 {And now Nc4 would win.} Na5 55. Nd5 b3 56. Nc3 {next Kd6 is good for White.} b2 57. Kd6 Kf7 58. Kxc5 {aiming for Kb4.} Kf6 59. Kb4 Nb7 60. a5 (60. Kb3 $14) 60... Nxa5 $1 {The position is equal.} 61. Kxa5 Ke5 62. Kb4 b1=Q+ 63. Nxb1 {White wants to mate with Nd2.} Kxe4 {Accuracy: White = 51%, Black = 49%.} 1/2-1/2

[Event "72nd RUS-ch Higher League 2019"]
[Site "Yaroslavl"]
[Date "2019.07.01"]
[Round "5.7"]
[White "Shimanov, Aleksandr"]
[Black "Motylev, Alexander"]
[Result "0-1"]
[WhiteElo "2615"]
[BlackElo "2654"]
[Annotator "TA"]
[PlyCount "76"]
[EventDate "2019.06.27"]
[EventType "swiss"]
[EventCountry "RUS"]
[SourceTitle "playchess.com"]
[Source "ChessBase"]
[SourceQuality "1"]

{[%evp 9,76,14,11,12,15,19,37,13,21,18,27,27,29,25,29,22,17,16,16,16,25,16,22,16,19,13,19,15,20,20,26,10,12,14,24,18,13,19,24,20,44,12,15,13,13,0,0,0,0,0,-6,0,0,-94,-95,-105,-94,-104,-120,-341,-341,-309,-329,-321,-289,-567,-348,-328,-333]} 1. e4 e5 2. Nf3 Nc6 3. Bc4 Nf6 4. d3 Bc5 5. c3 d6 6. a4 {Threatens to win with b4. C54: Giuoco Piano: 4 c3 Nf6, main lines with 5 d4 and 5 d3} a6 7. O-O Ba7 8. Re1 {White is slightly better.} h6 $146 ({Predecessor:} 8... O-O 9. h3 h6 {½-½ (57) Tabatabaei,M (2587)-Wei,Y (2728) Makati 2018}) 9. Nbd2 Ng4 10. Re2 O-O 11. h3 Nf6 12. Re1 (12. Nf1 {is interesting.} Nh5 13. b4 Be6 14. Ba2 Qf6 15. Rb2) 12... Be6 13. Bxe6 fxe6 14. b4 Nh5 15. Nf1 Qe8 16. Ra2 Nf4 17. Kh2 Qf7 18. Be3 Bxe3 19. fxe3 Nh5 20. Rf2 Nf6 21. N1d2 Nb8 22. a5 Nbd7 23. Ref1 Qh5 24. Kg1 d5 25. exd5 Nxd5 26. Qb3 Qg6 27. Re1 Qxd3 {[%mdl 64] aiming for ...e4. Double Attack} 28. e4 Nf4 $36 {[%mdl 2048] Black has the initiative.} 29. Kh2 {Nc4 is the strong threat.} Qd6 {And now ...Nd3 would win.} 30. Nc4 Qe7 {White must now prevent ...Nd3.} 31. Ncxe5 (31. Rd2 $11 {keeps the balance.}) 31... Nxe5 $17 32. Nxe5 {[#]} Nxg2 $1 {[%mdl 512]} 33. Ng6 (33. Rxg2 Qd6) 33... Qd6+ 34. Kxg2 $2 (34. e5 $17 {was the only defense.} Rxf2 35. exd6 Nxe1+ 36. Kg1 Rg2+ 37. Kf1 Rxg6 38. Kxe1 cxd6 39. Qc4) 34... Rxf2+ $19 {[%mdl 64] Overworked Piece} 35. Kxf2 Qh2+ {[%mdl 64] Double Attack} 36. Kf3 Qxh3+ 37. Kf4 $2 (37. Kf2 Rd8 38. Rd1 Qh2+ 39. Ke3 Qg3+ 40. Ke2 Qg4+ 41. Ke1 Qxe4+ 42. Kf2 Rxd1 43. Qxd1 Qxg6 44. Qd8+ Kh7 45. Qxc7) 37... Qh2+ 38. Kf3 Qh5+ {[%mdl 64] Double Attack. Accuracy: White = 47%, Black = 73%.} 0-1

[Event "72nd RUS-ch Higher League 2019"]
[Site "Yaroslavl"]
[Date "2019.07.01"]
[Round "5.8"]
[White "Sakaev, Konstantin"]
[Black "Ponkratov, Pavel"]
[Result "1-0"]
[WhiteElo "2584"]
[BlackElo "2649"]
[Annotator "TA"]
[PlyCount "77"]
[EventDate "2019.06.27"]
[EventType "swiss"]
[EventCountry "RUS"]
[SourceTitle "playchess.com"]
[Source "ChessBase"]
[SourceQuality "1"]

{[%evp 29,77,16,14,17,32,29,18,11,4,9,293,301,288,291,285,289,277,278,237,-124,262,275,251,233,393,398,398,397,397,0,93,0,389,391,379,377,367,358,29977,29978,29990,29991,29991,29992,29992,29993,29993,29994,29994,29995]} 1. d4 Nf6 2. c4 e6 3. Nf3 c5 4. d5 exd5 5. cxd5 g6 6. Nc3 {[%cal Bb1c3,Bc3e4,Be4d6][%mdl 32]} Bg7 7. e4 O-O 8. Bd3 d6 9. h3 b5 10. Bxb5 Nxe4 11. Nxe4 Qa5+ 12. Nfd2 Qxb5 13. Nxd6 Qa6 14. N2c4 Nd7 15. O-O Ne5 16. Nxc8 {A70: Modern Benoni: 6 e4 g6 7 Nf3} (16. Nxe5 Qxd6 17. Nc6 Bb7 18. Qf3 Bxc6 19. dxc6 Rac8 20. Rb1 Qxc6 {½-½ (20) Peralta,F (2569)-Mareco,S (2649) Santiago de Compostela 2018}) 16... Raxc8 17. Nxe5 Bxe5 18. Re1 {The position is equal.} Rfe8 19. Bg5 Bxb2 $2 {[%mdl 8192]} (19... Qd6 $11 {and Black has nothing to worry.}) 20. Rxe8+ $1 $18 Rxe8 21. d6 $1 {[%cal Rd6d7]} Bxa1 $146 ({Predecessor:} 21... f6 22. Qd5+ Kg7 23. d7 Rd8 24. Re1 fxg5 25. Re7+ Kh6 26. Qf7 Rh8 27. d8=Q Qf6 28. Qdf8+ {1-0 (28) Zlender,B-Strbad,F ICCF email 1992}) 22. d7 Rf8 23. d8=Q ({And not} 23. Qxa1 Qd6 $11) 23... Rxd8 24. Qxd8+ Kg7 25. Be7 {[%csl Ge7][%cal Rd8f8]} g5 26. Bxc5 {Qf8+ is the strong threat.} Qxa2 $2 (26... Qc4) 27. Qxg5+ Kh8 28. Qd8+ Kg7 29. Qg5+ $2 (29. Qf8+ $1 $18 Kg6 30. Qg8+ Kf6 31. Qxh7) 29... Kh8 $16 30. Qd8+ $2 {[%mdl 8192]} (30. Qe3 $16) 30... Kg7 $18 31. Qf8+ $1 Kg6 {[#]} 32. Qg8+ $1 Kf6 33. Qxh7 a5 $2 (33... Qd5 $18 34. Qh6+ Ke5 35. Bxa7 Qd1+ 36. Kh2 Kd5) 34. Qh6+ {White mates.} Ke5 35. Qd6+ Ke4 36. f3+ Kf5 {[#]} 37. g4+ $1 Kg5 38. Be3+ Kh4 39. Bf2+ {Accuracy: White = 85%, Black = 44%.} 1-0